Statistics for 1960-61 NCAA Men's Basketball AP Poll

Click here to take the quiz!

General Stats

  • This quiz has been taken 7 times
  • The average score is 110 of 162

Answer Stats

WeekRankTeamWLConference% Correct
Final Poll10Duke226ACC
100%
Week 7 (1/24)5Duke131ACC
100%
Week 3 (12/27)6Duke70ACC
100%
Week 12 (2/28)9Duke205ACC
100%
Week 4 (1/3)8Duke91ACC
100%
Week 11 (2/21)6Duke184ACC
100%
Week 5 (1/10)8Duke111ACC
100%
Week 1 (12/13)8Duke30ACC
100%
Week 10 (2/14)3Duke172ACC
100%
Week 6 (1/17)8Duke131ACC
100%
Week 9 (2/7)3Duke161ACC
100%
Week 8 (1/31)4Duke141ACC
100%
Week 2 (12/20)7Duke50ACC
100%
Week 1 (12/13)16Kansas21Big Eight
100%
Week 2 (12/20)20Kansas32Big Eight
100%
Week 9 (2/7)1Ohio State160Big Ten
100%
Week 7 (1/24)1Ohio State130Big Ten
100%
Week 10 (2/14)1Ohio State180Big Ten
100%
Week 6 (1/17)1Ohio State120Big Ten
100%
Week 11 (2/21)1Ohio State200Big Ten
100%
Week 5 (1/10)1Ohio State100Big Ten
100%
Week 12 (2/28)1Ohio State220Big Ten
100%
Week 4 (1/3)1Ohio State90Big Ten
100%
Final Poll1Ohio State230Big Ten
100%
Week 3 (12/27)1Ohio State60Big Ten
100%
Week 8 (1/31)1Ohio State140Big Ten
100%
Week 1 (12/13)1Ohio State30Big Ten
100%
Week 2 (12/20)1Ohio State40Big Ten
100%
Week 5 (1/10)10UCLA83Western Universities
100%
Week 1 (12/13)13UCLA31Western Universities
100%
Week 4 (1/3)9UCLA72Western Universities
100%
Week 2 (12/20)14UCLA51Western Universities
100%
Week 3 (12/27)16UCLA51Western Universities
100%
Week 12 (2/28)10USC175Western Universities
100%
Week 7 (1/24)9USC122Western Universities
100%
Week 9 (2/7)8USC153Western Universities
100%
Week 10 (2/14)8USC163Western Universities
100%
Week 11 (2/21)10USC164Western Universities
100%
Week 8 (1/31)9USC142Western Universities
100%
Final Poll7USC195Western Universities
100%
Week 1 (12/13)15Georgia Tech30SEC
86%
Week 1 (12/13)19Illinois20Big Ten
86%
Week 4 (1/3)7Iowa81Big Ten
86%
Week 10 (2/14)9Iowa133Big Ten
86%
Final Poll8Iowa175Big Ten
86%
Week 11 (2/21)5Iowa144Big Ten
86%
Week 5 (1/10)6Iowa91Big Ten
86%
Week 6 (1/17)4Iowa111Big Ten
86%
Week 9 (2/7)9Iowa123Big Ten
86%
Week 12 (2/28)6Iowa164Big Ten
86%
Week 7 (1/24)6Iowa122Big Ten
86%
Week 8 (1/31)6Iowa122Big Ten
86%
Week 3 (12/27)19Kentucky43SEC
86%
Week 1 (12/13)20Kentucky21SEC
86%
Week 1 (12/13)12Maryland40ACC
86%
Week 3 (12/27)10NC State61ACC
86%
Week 1 (12/13)10NC State40ACC
86%
Week 2 (12/20)10NC State51ACC
86%
Week 9 (2/7)6North Carolina143ACC
86%
Week 2 (12/20)10North Carolina32ACC
86%
Week 6 (1/17)6North Carolina102ACC
86%
Week 7 (1/24)4North Carolina122ACC
86%
Week 5 (1/10)7North Carolina82ACC
86%
Week 8 (1/31)5North Carolina122ACC
86%
Week 4 (1/3)6North Carolina72ACC
86%
Week 10 (2/14)7North Carolina154ACC
86%
Week 3 (12/27)11North Carolina42ACC
86%
Final Poll5North Carolina194ACC
86%
Week 11 (2/21)7North Carolina184ACC
86%
Week 12 (2/28)5North Carolina194ACC
86%
Week 1 (12/13)5North Carolina20ACC
86%
Week 7 (1/24)10Purdue93Big Ten
86%
Week 2 (12/20)9Auburn50SEC
71%
Week 4 (1/3)10Auburn60SEC
71%
Week 1 (12/13)11Auburn30SEC
71%
Week 3 (12/27)9Auburn50SEC
71%
Week 2 (12/20)4Indiana41Big Ten
71%
Week 3 (12/27)4Indiana51Big Ten
71%
Week 1 (12/13)4Indiana21Big Ten
71%
Week 6 (1/17)10Kansas State112Big Eight
71%
Week 9 (2/7)7Kansas State143Big Eight
71%
Week 12 (2/28)7Kansas State184Big Eight
71%
Week 3 (12/27)12Kansas State62Big Eight
71%
Week 5 (1/10)9Kansas State102Big Eight
71%
Week 1 (12/13)20Kansas State22Big Eight
71%
Week 10 (2/14)6Kansas State153Big Eight
71%
Final Poll4Kansas State204Big Eight
71%
Week 2 (12/20)12Kansas State52Big Eight
71%
Week 8 (1/31)10Kansas State123Big Eight
71%
Week 11 (2/21)8Kansas State164Big Eight
71%
Week 2 (12/20)19Wake Forest52ACC
71%
Week 3 (12/27)18Wichita72Missouri Valley
71%
Week 1 (12/13)16Wichita40Missouri Valley
71%
Week 10 (2/14)4Cincinnati173Missouri Valley
57%
Week 12 (2/28)3Cincinnati213Missouri Valley
57%
Week 11 (2/21)3Cincinnati193Missouri Valley
57%
Week 9 (2/7)5Cincinnati163Missouri Valley
57%
Final Poll2Cincinnati233Missouri Valley
57%
Week 2 (12/20)15Colorado70Big Eight
57%
Week 2 (12/20)5Louisville80Independent
57%
Week 8 (1/31)8Louisville152Independent
57%
Week 9 (2/7)10Louisville172Independent
57%
Week 5 (1/10)4Louisville130Independent
57%
Week 7 (1/24)8Louisville142Independent
57%
Week 1 (12/13)9Louisville50Independent
57%
Week 3 (12/27)5Louisville90Independent
57%
Week 6 (1/17)5Louisville131Independent
57%
Week 4 (1/3)4Louisville110Independent
57%
Week 1 (12/13)7St. John's30Metropolitan New York
57%
Week 2 (12/20)6St. John's40Metropolitan New York
57%
Week 8 (1/31)7St. John's103Metropolitan New York
57%
Week 3 (12/27)7St. John's60Metropolitan New York
57%
Week 4 (1/3)5St. John's81Metropolitan New York
57%
Week 5 (1/10)5St. John's91Metropolitan New York
57%
Week 7 (1/24)7St. John's102Metropolitan New York
57%
Week 6 (1/17)9St. John's102Metropolitan New York
57%
Week 2 (12/20)18Utah42Mountain States
57%
Week 1 (12/13)18Utah32Mountain States
57%
Week 2 (12/20)17Vanderbilt50SEC
57%
Week 3 (12/27)16Vanderbilt70SEC
57%
Week 10 (2/14)10West Virginia183SoCon
57%
Week 11 (2/21)9West Virginia203SoCon
57%
Week 12 (2/28)8West Virginia223SoCon
57%
Final Poll9West Virginia234SoCon
57%
Week 3 (12/27)19Memphis State70Independent
43%
Week 3 (12/27)8Saint Louis71Missouri Valley
43%
Week 2 (12/20)16Saint Louis41Missouri Valley
43%
Week 12 (2/28)4Bradley214Missouri Valley
29%
Week 4 (1/3)2Bradley100Missouri Valley
29%
Week 3 (12/27)2Bradley80Missouri Valley
29%
Final Poll6Bradley215Missouri Valley
29%
Week 8 (1/31)3Bradley142Missouri Valley
29%
Week 11 (2/21)4Bradley194Missouri Valley
29%
Week 2 (12/20)2Bradley60Missouri Valley
29%
Week 7 (1/24)3Bradley131Missouri Valley
29%
Week 5 (1/10)2Bradley120Missouri Valley
29%
Week 10 (2/14)5Bradley164Missouri Valley
29%
Week 1 (12/13)2Bradley30Missouri Valley
29%
Week 6 (1/17)3Bradley131Missouri Valley
29%
Week 9 (2/7)4Bradley143Missouri Valley
29%
Week 6 (1/17)7DePaul110Independent
29%
Week 3 (12/27)13Detroit52Independent
29%
Week 2 (12/20)8Detroit41Independent
29%
Week 1 (12/13)3Detroit30Independent
29%
Week 2 (12/20)20Drake50Missouri Valley
29%
Week 3 (12/27)14Drake60Missouri Valley
29%
Week 3 (12/27)15Providence70Independent
29%
Week 2 (12/20)13Providence60Independent
29%
Week 1 (12/13)14Utah State22Mountain States
29%
Week 8 (1/31)2St. Bonaventure141Independent
14%
Final Poll3St. Bonaventure223Independent
14%
Week 9 (2/7)2St. Bonaventure161Independent
14%
Week 11 (2/21)2St. Bonaventure201Independent
14%
Week 7 (1/24)2St. Bonaventure141Independent
14%
Week 3 (12/27)3St. Bonaventure70Independent
14%
Week 4 (1/3)3St. Bonaventure91Independent
14%
Week 10 (2/14)2St. Bonaventure181Independent
14%
Week 6 (1/17)2St. Bonaventure131Independent
14%
Week 12 (2/28)2St. Bonaventure212Independent
14%
Week 5 (1/10)3St. Bonaventure111Independent
14%
Week 1 (12/13)6St. Bonaventure40Independent
14%
Week 2 (12/20)3St. Bonaventure60Independent
14%

Score Distribution

Percentile by Number Answered

Percent of People with Each Score

Your Score History

You have not taken this quiz